Statistics for Parish Seats of Louisiana

Click here to take the quiz!

General Stats

  • This quiz has been taken 123 times
  • The average score is 19 of 64

Answer Stats

CountyCounty Seat% Correct
CaddoShreveport
88%
OuachitaMonroe
86%
OrleansNew Orleans
84%
LafayetteLafayette
80%
East Baton RougeBaton Rouge
78%
RapidesAlexandria
73%
CalcasieuLake Charles
73%
NatchitochesNatchitoches
57%
IberiaNew Iberia
53%
LincolnRuston
45%
TerrebonneHouma
43%
LafourcheThibodaux
39%
JeffersonGretna
35%
CameronCameron
33%
St. TammanyCovington
33%
St. LandryOpelousas
33%
IbervillePlaquemine
33%
WinnWinnfield
33%
St. MaryFranklin
29%
FranklinWinnsboro
29%
BienvilleArcadia
27%
LivingstonLivingston
27%
West FelicianaSt. Francisville
27%
West Baton RougePort Allen
24%
TangipahoaAmite
22%
BeauregardDeRidder
22%
AscensionDonaldsonville
22%
UnionFarmerville
22%
East CarrollLake Providence
22%
MadisonTallulah
22%
VermilionAbbeville
20%
MorehouseBastrop
20%
BossierBenton
20%
CaldwellColumbia
20%
WashingtonFranklinton
20%
LaSalleJena
20%
JacksonJonesboro
20%
VernonLeesville
20%
SabineMany
20%
WebsterMinden
20%
AssumptionNapoleonville
20%
Pointe CoupeeNew Roads
20%
PlaqueminesPointe a la Hache
20%
St. MartinSt. Martinville
20%
ConcordiaVidalia
20%
St. BernardChalmette
18%
ClaiborneHomer
18%
Jefferson DavisJennings
18%
DeSotoMansfield
18%
AvoyellesMarksville
18%
RichlandRayville
18%
East FelicianaClinton
16%
Red RiverCoushatta
16%
AcadiaCrowley
16%
St. John the BaptistEdgard
16%
St. CharlesHahnville
16%
CatahoulaHarrisonburg
16%
West CarrollOak Grove
16%
AllenOberlin
16%
EvangelineVille Platte
16%
GrantColfax
14%
St. JamesConvent
14%
St. HelenaGreensburg
14%
TensasSt. Joseph
12%

Score Distribution

Percentile by Number Answered

Percent of People with Each Score

Your Score History

You have not taken this quiz